000 00731nam a22002057a 4500
999 _c2160
_d2160
003 AR-CdUCM
008 190304b ||||| |||| 00| 0 spa d
020 _a84-205-0353-3
040 _aMUNICIPALIDAD PROVINCIAL DEL CUSCO
_cBIBLIOTECA MUNICIPAL DEL CUSCO
082 _22ed.
_a868.534 /
_bV21
100 _aValera, Juan
_97796
245 _aPepita Jiménez /
260 _aEspaña :
_bAlhambra ;
_c1979.
300 _a236 páginas
_c20cm
505 _aContenido: La Obra de Valera -- Labo crítica e ideas literarias -- Obras de creación -- Las novelas -- Obra no novelesca...
650 _aNovela siglo XIX
_9736
700 _aGarcía Lorenzo, Luciano (edición, estudio y notas)
_97797
942 _2ddc
_cLIBROS
945 _anom